01687nab a22003017a 4500003000400000005001700004008004100021040000700062100003000069245018500099260007300284300001600357500008400373505019500457505012100652505009600773505008900869650002300958650005200981650001401033650003001047650004901077650002701126650002801153650003201181700003801213773013401251OSt20250209220433.0190603e xxum|||| |||| 00| 0 spa d cPJ aAlvarez, Rocío Belén 13aLa impugnación de filiación : bun análisis jurídico desde la perspectiva de los derechos humanos y el sistema de justicia /cRocío Belén Alvarez, Estela Lujan Nuñez. cCiudad Autónoma de Buenos Aires :aThomson Reuters La Ley, b2025. ap. 176-189. aCita Online: TR LALEY AR/DOC/44/2025. Publicado en: RCCyC 2025 (febrero) , 176. aImpacto de la argumentación jurídica en la socioafectividad, la determinación de la filiación y la protección de colectivos minoritarios y de los derechos de los niños y niñas. aSumario: I. Introducción.— II. Desarrollo.— III. Socioafectividad.— IV. Conclusión.— V. Bibliografía.  aFallo comentado: CS ~ 22/10/2024 ~ S., I. N. c. A., C. L. s/ impugnación de filiación.  t¿Te interesa el texto completo? Solicitalo al correo: koha@justierradelfuego.gov.ar 0aDERECHO DE FAMILIA 0aDERECHOS DE LAS NIÑAS, NIÑOS Y ADOLESCENTES 0aFILIACION 0aGESTACION POR SUSTITUCION 0aTÉCNICAS DE REPRODUCCIÓN HUMANA ASISTIDA 0aVOLUNTAD PROCREACIONAL 0aPERSPECTIVA DE GÉNERO 0aCONTROL DE CONVENCIONALIDAD aNuñez, Estela Luján ecoautor0 02713dCiudad Autónoma de Buenos Aires : Thomson Reuters La Ley, 2015-tRevista Código Civil y Comercial. Nº 1 - Febrero 2025